[Event "Torneo de Navidad Base y Senior - Casino Primitivo"]
[Site "Calle Maestra 3 (Palacio de Cultura) - Jaén, Spain"]
[Date "2023.12.16"]
[Round "1.2"]
[White "Gamez Bauzan, Cesar Santiago"]
[Black "Castillo Gallego, Sergio"]
[Result "0-1"]
[TimeControl "10´ + 5\""]
[WhiteFideId "54506093"]
[BlackFideId "2202034"]
[WhiteElo "1220"]
[BlackElo "2100"]

1. e4 {[%clk 00:10:05]} {[%emt 00:37:32]} e5 {[%clk 00:10:07]} {[%emt
00:00:58]} 2. Nf3 {[%clk 00:10:10]} {[%emt 00:00:02]} Nc6 {[%clk 00:10:10]}
{[%emt 00:00:02]} 3. Bb5 {[%clk 00:10:13]} {[%emt 00:00:03]} a6 {[%clk
00:10:08]} {[%emt 00:00:06]} 4. Ba4 {[%clk 00:10:13]} {[%emt 00:00:05]} d6
{[%clk 00:10:10]} {[%emt 00:00:02]} 5. O-O {[%clk 00:10:10]} {[%emt 00:00:08]}
Bd7 {[%clk 00:10:13]} {[%emt 00:00:03]} 6. c3 {[%clk 00:09:59]} {[%emt
00:00:16]} g6 {[%clk 00:10:11]} {[%emt 00:00:06]} 7. d4 {[%clk 00:09:35]}
{[%emt 00:00:30]} Bg7 {[%clk 00:10:13]} {[%emt 00:00:03]} 8. Re1 {[%clk
00:09:01]} {[%emt 00:00:39]} Nge7 {[%clk 00:10:13]} {[%emt 00:00:04]} 9. Bc2
{[%clk 00:08:08]} {[%emt 00:00:58]} O-O {[%clk 00:10:14]} {[%emt 00:00:04]} 10.
Be3 {[%clk 00:07:38]} {[%emt 00:00:35]} h6 {[%clk 00:09:19]} {[%emt 00:01:01]}
11. Nbd2 {[%clk 00:07:24]} {[%emt 00:00:19]} b6 {[%clk 00:08:40]} {[%emt
00:00:44]} 12. Nf1 {[%clk 00:07:22]} {[%emt 00:00:07]} Qe8 {[%clk 00:08:30]}
{[%emt 00:00:15]} 13. Ng3 {[%clk 00:06:58]} {[%emt 00:00:30]} f5 {[%clk
00:08:21]} {[%emt 00:00:14]} 14. exf5 {[%clk 00:05:56]} {[%emt 00:01:07]} gxf5
{[%clk 00:08:24]} {[%emt 00:00:03]} 15. Bc1 {[%clk 00:05:20]} {[%emt 00:00:41]}
e4 {[%clk 00:08:02]} {[%emt 00:00:26]} 16. Nd2 {[%clk 00:03:57]} {[%emt
00:01:29]} d5 {[%clk 00:08:00]} {[%emt 00:00:07]} 17. Nb3 {[%clk 00:03:47]}
{[%emt 00:00:15]} f4 {[%clk 00:05:38]} {[%emt 00:02:27]} 18. Nf1 {[%clk
00:02:23]} {[%emt 00:01:29]} Qg6 {[%clk 00:04:37]} {[%emt 00:01:04]} 19. f3
{[%clk 00:02:04]} {[%emt 00:00:26]} Bf5 {[%clk 00:03:56]} {[%emt 00:00:45]} 20.
fxe4 {[%clk 00:01:16]} {[%emt 00:00:53]} Bxe4 {[%clk 00:03:32]} {[%emt
00:00:29]} 21. Bxe4 {[%clk 00:01:19]} {[%emt 00:00:02]} dxe4 {[%clk 00:03:35]}
{[%emt 00:00:02]} 22. Qc2 {[%clk 00:01:03]} {[%emt 00:00:21]} f3 {[%clk
00:02:23]} {[%emt 00:01:17]} 23. Ne3 {[%clk 00:00:44]} {[%emt 00:00:24]} f2+
{[%clk 00:02:23]} {[%emt 00:00:05]} 0-1

[Event "Torneo de Navidad Base y Senior - Casino Primitivo"]
[Site "Calle Maestra 3 (Palacio de Cultura) - Jaén, Spain"]
[Date "2023.12.16"]
[Round "1.4"]
[White "Ruiz Diaz, Alba"]
[Black "Eisman Cano, Tomas"]
[Result "0-1"]
[TimeControl "10´ + 5\""]
[WhiteFideId "54729912"]
[BlackFideId "54514215"]
[WhiteElo "1145"]
[BlackElo "2040"]

1. d4 {[%clk 00:10:07]} {[%emt 00:00:02]} Nf6 {[%clk 00:10:02]} {[%emt
00:00:09]} 2. Nf3 {[%clk 00:10:09]} {[%emt 00:00:02]} g6 {[%clk 00:10:04]}
{[%emt 00:00:03]} 3. e3 {[%clk 00:10:13]} {[%emt 00:00:02]} Bg7 {[%clk
00:10:05]} {[%emt 00:00:03]} 4. Be2 {[%clk 00:10:16]} {[%emt 00:00:02]} O-O
{[%clk 00:10:07]} {[%emt 00:00:03]} 5. O-O {[%clk 00:10:16]} {[%emt 00:00:04]}
d6 {[%clk 00:09:45]} {[%emt 00:00:28]} 6. c4 {[%clk 00:09:31]} {[%emt
00:00:51]} Nbd7 {[%clk 00:09:35]} {[%emt 00:00:14]} 7. Nc3 {[%clk 00:09:33]}
{[%emt 00:00:03]} e5 {[%clk 00:09:29]} {[%emt 00:00:12]} 8. dxe5 {[%clk
00:09:08]} {[%emt 00:00:30]} dxe5 {[%clk 00:09:27]} {[%emt 00:00:07]} 9. b3
{[%clk 00:08:48]} {[%emt 00:00:25]} e4 {[%clk 00:07:34]} {[%emt 00:01:57]} 10.
Nd2 {[%clk 00:08:24]} {[%emt 00:00:29]} Nc5 {[%clk 00:07:19]} {[%emt 00:00:20]}
11. Ba3 {[%clk 00:08:14]} {[%emt 00:00:16]} Nfd7 {[%clk 00:06:33]} {[%emt
00:00:51]} 12. Qc2 {[%clk 00:07:51]} {[%emt 00:00:27]} Re8 {[%clk 00:06:14]}
{[%emt 00:00:24]} 13. Rad1 {[%clk 00:07:28]} {[%emt 00:00:27]} Qh4 {[%clk
00:04:07]} {[%emt 00:02:13]} 14. Nd5 {[%clk 00:06:33]} {[%emt 00:01:01]} Be5
{[%clk 00:03:14]} {[%emt 00:00:58]} 15. h3 {[%clk 00:06:17]} {[%emt 00:00:21]}
c6 {[%clk 00:03:08]} {[%emt 00:00:11]} 16. Nc3 {[%clk 00:06:00]} {[%emt
00:00:22]} f5 {[%clk 00:02:36]} {[%emt 00:00:37]} 17. Bb2 {[%clk 00:04:45]}
{[%emt 00:01:21]} Nd3 {[%clk 00:02:01]} {[%emt 00:00:39]} 18. Bxd3 {[%clk
00:04:13]} {[%emt 00:00:37]} exd3 {[%clk 00:02:05]} {[%emt 00:00:02]} 19. Qxd3
{[%clk 00:04:17]} {[%emt 00:00:02]} Nc5 {[%clk 00:02:08]} {[%emt 00:00:02]} 20.
Qc2 {[%clk 00:04:20]} {[%emt 00:00:02]} Qf6 {[%clk 00:01:48]} {[%emt 00:00:24]}
21. Rb1 {[%clk 00:03:54]} {[%emt 00:00:31]} Be6 {[%clk 00:01:45]} {[%emt
00:00:08]} 22. Ne2 {[%clk 00:03:47]} {[%emt 00:00:13]} Rad8 {[%clk 00:01:18]}
{[%emt 00:00:32]} 23. Bxe5 {[%clk 00:03:46]} {[%emt 00:00:05]} Qxe5 {[%clk
00:01:22]} {[%emt 00:00:01]} 24. Nd4 {[%clk 00:03:49]} {[%emt 00:00:03]} Bc8
{[%clk 00:01:16]} {[%emt 00:00:10]} 25. N2f3 {[%clk 00:03:49]} {[%emt
00:00:06]} Qf6 {[%clk 00:01:17]} {[%emt 00:00:03]} 26. Rbd1 {[%clk 00:03:50]}
{[%emt 00:00:04]} Ne4 {[%clk 00:01:20]} {[%emt 00:00:02]} 27. Nd2 {[%clk
00:03:36]} {[%emt 00:00:20]} c5 {[%clk 00:01:03]} {[%emt 00:00:23]} 28. Nb5
{[%clk 00:03:17]} {[%emt 00:00:22]} Qb6 {[%clk 00:00:56]} {[%emt 00:00:12]} 29.
Nc3 {[%clk 00:03:11]} {[%emt 00:00:12]} Nf6 {[%clk 00:00:41]} {[%emt 00:00:20]}
30. Nf3 {[%clk 00:02:59]} {[%emt 00:00:17]} Qe6 {[%clk 00:00:27]} {[%emt
00:00:18]} 31. Ng5 {[%clk 00:02:49]} {[%emt 00:00:14]} Qe7 {[%clk 00:00:22]}
{[%emt 00:00:11]} 32. Nf3 {[%clk 00:02:40]} {[%emt 00:00:15]} b6 {[%clk
00:00:25]} {[%emt 00:00:03]} 33. Rxd8 {[%clk 00:02:35]} {[%emt 00:00:10]} Rxd8
{[%clk 00:00:29]} {[%emt 00:00:01]} 34. Rd1 {[%clk 00:02:39]} Bb7 {[%clk
00:00:26]} {[%emt 00:00:07]} 35. Rxd8+ {[%clk 00:02:23]} {[%emt 00:00:22]} Qxd8
{[%clk 00:00:30]} 36. Qd2 {[%clk 00:02:25]} {[%emt 00:00:02]} Qe7 {[%clk
00:00:31]} {[%emt 00:00:05]} 37. Ne1 {[%clk 00:02:18]} {[%emt 00:00:11]} Qc7
{[%clk 00:00:14]} {[%emt 00:00:22]} 38. Nd3 {[%clk 00:02:13]} {[%emt 00:00:10]}
Qc6 {[%clk 00:00:17]} {[%emt 00:00:03]} 39. Nf4 {[%clk 00:02:12]} {[%emt
00:00:05]} g5 {[%clk 00:00:17]} {[%emt 00:00:06]} 40. Nfd5 {[%clk 00:02:14]}
{[%emt 00:00:03]} Nxd5 {[%clk 00:00:19]} {[%emt 00:00:03]} 41. Nxd5 {[%clk
00:02:17]} {[%emt 00:00:01]} Qe6 {[%clk 00:00:22]} {[%emt 00:00:02]} 42. Qd3
{[%clk 00:02:08]} {[%emt 00:00:14]} Kf7 {[%clk 00:00:25]} {[%emt 00:00:02]} 43.
Nc3 {[%clk 00:01:55]} {[%emt 00:00:18]} h5 {[%clk 00:00:24]} {[%emt 00:00:06]}
44. Kf1 {[%clk 00:01:58]} g4 {[%clk 00:00:27]} {[%emt 00:00:03]} 45. hxg4
{[%clk 00:02:00]} {[%emt 00:00:03]} hxg4 {[%clk 00:00:31]} {[%emt 00:00:01]} 46.
Ke2 {[%clk 00:01:58]} {[%emt 00:00:07]} Kg6 {[%clk 00:00:21]} {[%emt 00:00:15]}
47. Nb5 {[%clk 00:01:27]} {[%emt 00:00:36]} a6 {[%clk 00:00:15]} {[%emt
00:00:10]} 48. Nc7 {[%clk 00:01:17]} {[%emt 00:00:15]} Qe5 {[%clk 00:00:11]}
{[%emt 00:00:09]} 49. Nd5 {[%clk 00:01:09]} {[%emt 00:00:14]} Qb2+ {[%clk
00:00:13]} {[%emt 00:00:04]} 50. Qd2 {[%clk 00:01:07]} {[%emt 00:00:05]} Qe5
{[%clk 00:00:14]} {[%emt 00:00:05]} 51. Qd3 {[%clk 00:01:08]} {[%emt 00:00:04]}
b5 {[%clk 00:00:15]} {[%emt 00:00:05]} 52. Qd2 {[%clk 00:00:33]} {[%emt
00:00:39]} bxc4 {[%clk 00:00:14]} {[%emt 00:00:05]} 53. bxc4 {[%clk 00:00:37]}
{[%emt 00:00:02]} Kf7 {[%clk 00:00:10]} {[%emt 00:00:10]} 54. Kf1 {[%clk
00:00:27]} {[%emt 00:00:14]} Qa1+ {[%clk 00:00:08]} {[%emt 00:00:08]} 55. Ke2
{[%clk 00:00:31]} {[%emt 00:00:01]} Qe5 {[%clk 00:00:10]} {[%emt 00:00:02]} 56.
Kf1 {[%clk 00:00:35]} {[%emt 00:00:01]} Bxd5 {[%clk 00:00:12]} {[%emt
00:00:03]} 57. cxd5 {[%clk 00:00:30]} {[%emt 00:00:10]} Ke7 {[%clk 00:00:17]}
58. Ke2 {[%clk 00:00:27]} {[%emt 00:00:08]} Kd6 {[%clk 00:00:21]} 59. Qd3
{[%clk 00:00:23]} {[%emt 00:00:10]} Qxd5 {[%clk 00:00:22]} {[%emt 00:00:05]} 60.
Qxd5+ {[%clk 00:00:26]} {[%emt 00:00:01]} Kxd5 {[%clk 00:00:26]} 61. Kd3 {[%clk
00:00:29]} {[%emt 00:00:01]} c4+ {[%clk 00:00:21]} {[%emt 00:00:10]} 62. Kc3
{[%clk 00:00:33]} Kc5 {[%clk 00:00:26]} 63. f3 {[%clk 00:00:31]} {[%emt
00:00:07]} g3 {[%clk 00:00:22]} {[%emt 00:00:10]} 64. e4 {[%clk 00:00:33]}
{[%emt 00:00:03]} fxe4 {[%clk 00:00:21]} {[%emt 00:00:06]} 65. fxe4 {[%clk
00:00:36]} {[%emt 00:00:01]} a5 {[%clk 00:00:21]} {[%emt 00:00:05]} 66. a4
{[%clk 00:00:39]} {[%emt 00:00:02]} Kd6 {[%clk 00:00:21]} {[%emt 00:00:05]} 67.
Kxc4 {[%clk 00:00:43]} {[%emt 00:00:01]} Ke5 {[%clk 00:00:25]} 68. Kd3 {[%clk
00:00:46]} {[%emt 00:00:02]} Ke6 {[%clk 00:00:25]} {[%emt 00:00:05]} 69. Ke3
{[%clk 00:00:49]} {[%emt 00:00:02]} Ke5 {[%clk 00:00:30]} {[%emt 00:00:01]} 70.
Kf3 {[%clk 00:00:53]} Kd4 {[%clk 00:00:33]} {[%emt 00:00:02]} 71. Kf4 {[%clk
00:00:32]} {[%emt 00:00:26]} Kc5 {[%clk 00:00:32]} {[%emt 00:00:06]} 72. e5
{[%clk 00:00:35]} {[%emt 00:00:01]} Kc6 {[%clk 00:00:32]} {[%emt 00:00:05]} 73.
Kxg3 {[%clk 00:00:37]} {[%emt 00:00:04]} Kd5 {[%clk 00:00:36]} {[%emt
00:00:02]} 74. Kf4 {[%clk 00:00:41]} Ke6 {[%clk 00:00:40]} 75. g4 {[%clk
00:00:45]} {[%emt 00:00:02]} 0-1

[Event "Torneo de Navidad Base y Senior - Casino Primitivo"]
[Site "Calle Maestra 3 (Palacio de Cultura) - Jaén, Spain"]
[Date "2023.12.16"]
[Round "1.5"]
[White "Cobo Montejo, Miguel Angel"]
[Black "Cobo Martinez, Tomas"]
[Result "1-0"]
[TimeControl "10´ + 5\""]
[WhiteFideId "2276100"]
[BlackFideId "94708207"]
[WhiteElo "2015"]
[BlackElo "1142"]

1. d4 {[%clk 00:10:06]} {[%emt 00:00:03]} d5 {[%clk 00:10:07]} {[%emt
00:00:03]} 2. c4 {[%clk 00:10:09]} {[%emt 00:00:02]} e6 {[%clk 00:10:08]}
{[%emt 00:00:04]} 3. Nc3 {[%clk 00:10:12]} {[%emt 00:00:02]} Nf6 {[%clk
00:10:10]} {[%emt 00:00:03]} 4. Bg5 {[%clk 00:10:15]} {[%emt 00:00:02]} Be7
{[%clk 00:10:04]} {[%emt 00:00:10]} 5. e3 {[%clk 00:10:18]} {[%emt 00:00:02]}
c6 {[%clk 00:10:04]} {[%emt 00:00:05]} 6. Nf3 {[%clk 00:10:21]} {[%emt
00:00:02]} Nbd7 {[%clk 00:10:07]} {[%emt 00:00:03]} 7. Rc1 {[%clk 00:10:24]}
{[%emt 00:00:02]} O-O {[%clk 00:10:09]} {[%emt 00:00:03]} 8. Bd3 {[%clk
00:10:27]} {[%emt 00:00:02]} Re8 {[%clk 00:10:09]} {[%emt 00:00:05]} 9. O-O
{[%clk 00:10:24]} {[%emt 00:00:08]} Bf8 {[%clk 00:09:41]} {[%emt 00:00:33]} 10.
Qc2 {[%clk 00:10:01]} {[%emt 00:00:28]} g6 {[%clk 00:09:23]} {[%emt 00:00:23]}
11. e4 {[%clk 00:09:45]} {[%emt 00:00:22]} dxe4 {[%clk 00:08:17]} {[%emt
00:01:11]} 12. Nxe4 {[%clk 00:09:46]} {[%emt 00:00:04]} h6 {[%clk 00:07:44]}
{[%emt 00:00:38]} 13. Bh4 {[%clk 00:09:25]} {[%emt 00:00:26]} Be7 {[%clk
00:06:48]} {[%emt 00:01:02]} 14. Rfe1 {[%clk 00:08:35]} {[%emt 00:00:55]} Kg7
{[%clk 00:06:08]} {[%emt 00:00:45]} 15. Bg3 {[%clk 00:07:08]} {[%emt 00:01:32]}
Nxe4 {[%clk 00:05:35]} {[%emt 00:00:37]} 16. Bxe4 {[%clk 00:07:09]} {[%emt
00:00:04]} Nf6 {[%clk 00:05:33]} {[%emt 00:00:06]} 17. Bd3 {[%clk 00:06:57]}
{[%emt 00:00:18]} Bd7 {[%clk 00:04:48]} {[%emt 00:00:49]} 18. Ne5 {[%clk
00:06:51]} {[%emt 00:00:12]} Bd6 {[%clk 00:04:05]} {[%emt 00:00:48]} 19. Nxf7
{[%clk 00:06:12]} {[%emt 00:00:44]} Kxf7 {[%clk 00:03:35]} {[%emt 00:00:35]} 20.
Bxd6 {[%clk 00:05:18]} {[%emt 00:01:00]} Rg8 {[%clk 00:03:25]} {[%emt
00:00:15]} 21. Qd2 {[%clk 00:04:45]} {[%emt 00:00:39]} Rh8 {[%clk 00:02:54]}
{[%emt 00:00:30]} 22. Qf4 {[%clk 00:04:27]} {[%emt 00:00:28]} g5 {[%clk
00:01:16]} {[%emt 00:01:44]} 23. Qf3 {[%clk 00:04:17]} {[%emt 00:00:15]} Ke8
{[%clk 00:00:40]} {[%emt 00:00:40]} 24. Bg6# {[%emt 00:01:05]} 1-0

[Event "Torneo de Navidad Base y Senior - Casino Primitivo"]
[Site "Calle Maestra 3 (Palacio de Cultura) - Jaén, Spain"]
[Date "2023.12.16"]
[Round "1.7"]
[White "Barruz Serrano, Antonio Angel"]
[Black "Gamez Bauzan, Francisco Pablo"]
[Result "1-0"]
[TimeControl "10´ + 5\""]
[WhiteFideId "2287994"]
[BlackFideId "54506085"]
[WhiteElo "1895"]
[BlackElo "923"]

1. Nf3 {[%clk 00:10:05]} {[%emt 00:00:04]} Nc6 {[%clk 00:09:57]} {[%emt
00:00:13]} 2. g3 {[%clk 00:09:40]} {[%emt 00:00:30]} e5 {[%clk 00:09:53]}
{[%emt 00:00:08]} 3. d3 {[%clk 00:09:17]} {[%emt 00:00:29]} Bc5 {[%clk
00:09:38]} {[%emt 00:00:19]} 4. Bg2 {[%clk 00:09:14]} {[%emt 00:00:08]} Nf6
{[%clk 00:09:33]} {[%emt 00:00:11]} 5. O-O {[%clk 00:09:11]} {[%emt 00:00:07]}
d6 {[%clk 00:09:09]} {[%emt 00:00:29]} 6. c4 {[%clk 00:08:49]} {[%emt
00:00:28]} O-O {[%clk 00:08:38]} {[%emt 00:00:36]} 7. Nc3 {[%clk 00:08:51]}
{[%emt 00:00:02]} Be6 {[%clk 00:08:15]} {[%emt 00:00:28]} 8. a3 {[%clk
00:08:21]} {[%emt 00:00:35]} a6 {[%clk 00:08:09]} {[%emt 00:00:11]} 9. b4
{[%clk 00:08:15]} {[%emt 00:00:11]} Ba7 {[%clk 00:07:58]} {[%emt 00:00:16]} 10.
Bb2 {[%clk 00:08:08]} {[%emt 00:00:11]} Re8 {[%clk 00:07:25]} {[%emt 00:00:38]}
11. Ng5 {[%clk 00:07:31]} {[%emt 00:00:42]} Qd7 {[%clk 00:05:42]} {[%emt
00:01:48]} 12. Nxe6 {[%clk 00:07:31]} {[%emt 00:00:05]} Qxe6 {[%clk 00:05:45]}
{[%emt 00:00:02]} 13. Qd2 {[%clk 00:07:25]} {[%emt 00:00:10]} Nd4 {[%clk
00:05:29]} {[%emt 00:00:21]} 14. Rab1 {[%clk 00:06:41]} {[%emt 00:00:48]} Nb3
{[%clk 00:04:52]} {[%emt 00:00:44]} 15. Qd1 {[%clk 00:06:32]} {[%emt 00:00:14]}
Nd4 {[%clk 00:04:43]} {[%emt 00:00:14]} 16. Bxb7 {[%clk 00:06:23]} {[%emt
00:00:14]} Rab8 {[%clk 00:04:21]} {[%emt 00:00:27]} 17. Bg2 {[%clk 00:06:21]}
{[%emt 00:00:06]} Qf5 {[%clk 00:04:04]} {[%emt 00:00:22]} 18. e3 {[%clk
00:06:06]} {[%emt 00:00:20]} Ne6 {[%clk 00:03:46]} {[%emt 00:00:23]} 19. e4
{[%clk 00:05:00]} {[%emt 00:01:11]} Qg5 {[%clk 00:03:25]} {[%emt 00:00:24]} 20.
Bc1 {[%clk 00:04:39]} {[%emt 00:00:28]} Qg6 {[%clk 00:03:20]} {[%emt 00:00:10]}
21. Nd5 {[%clk 00:04:34]} {[%emt 00:00:11]} Ng4 {[%clk 00:02:50]} {[%emt
00:00:34]} 22. Ne3 {[%clk 00:04:16]} {[%emt 00:00:23]} Nf6 {[%emt 00:00:33]} 23.
Nf5 {[%clk 00:03:51]} {[%emt 00:00:28]} Nd4 {[%clk 00:02:08]} {[%emt 00:00:21]}
24. Be3 {[%clk 00:03:42]} {[%emt 00:00:14]} Ng4 {[%clk 00:01:39]} {[%emt
00:00:35]} 25. Bxd4 {[%clk 00:03:33]} {[%emt 00:00:13]} Bxd4 {[%clk 00:01:16]}
{[%emt 00:00:28]} 26. Bf3 {[%clk 00:03:13]} {[%emt 00:00:25]} Nf6 {[%clk
00:00:50]} {[%emt 00:00:31]} 27. Kg2 {[%clk 00:02:58]} {[%emt 00:00:20]} Bb6
{[%clk 00:00:36]} {[%emt 00:00:19]} 28. h4 {[%clk 00:02:48]} {[%emt 00:00:14]}
Nd7 {[%clk 00:00:23]} {[%emt 00:00:18]} 29. Qd2 {[%clk 00:02:30]} {[%emt
00:00:23]} h6 {[%clk 00:00:22]} {[%emt 00:00:06]} 30. Qc2 {[%clk 00:01:54]}
{[%emt 00:00:42]} c5 {[%clk 00:00:23]} {[%emt 00:00:03]} 31. Qa4 {[%clk
00:01:53]} {[%emt 00:00:06]} Rbd8 {[%clk 00:00:12]} {[%emt 00:00:17]} 32. Qxa6
{[%clk 00:01:50]} {[%emt 00:00:08]} cxb4 {[%clk 00:00:14]} {[%emt 00:00:02]} 33.
axb4 {[%clk 00:01:53]} {[%emt 00:00:03]} Qe6 {[%clk 00:00:12]} {[%emt
00:00:06]} 34. Qb7 {[%clk 00:01:43]} {[%emt 00:00:14]} Rb8 {[%clk 00:00:10]}
{[%emt 00:00:07]} 35. Qd5 {[%clk 00:01:46]} {[%emt 00:00:02]} Qxd5 {[%clk
00:00:12]} {[%emt 00:00:04]} 36. exd5 {[%clk 00:01:44]} {[%emt 00:00:05]} Nf6
{[%clk 00:00:12]} {[%emt 00:00:06]} 37. Nxd6 {[%clk 00:01:44]} {[%emt
00:00:05]} Red8 {[%clk 00:00:08]} {[%emt 00:00:10]} 38. Ne4 {[%clk 00:01:47]}
{[%emt 00:00:01]} Nxe4 {[%clk 00:00:10]} {[%emt 00:00:04]} 39. dxe4 {[%clk
00:01:49]} {[%emt 00:00:02]} Bd4 {[%clk 00:00:14]} {[%emt 00:00:02]} 40. c5
{[%clk 00:01:49]} {[%emt 00:00:05]} Rb5 {[%clk 00:00:15]} {[%emt 00:00:03]} 41.
Be2 {[%clk 00:01:53]} {[%emt 00:00:02]} Rb7 {[%clk 00:00:17]} {[%emt 00:00:02]}
42. Rfd1 {[%clk 00:01:44]} {[%emt 00:00:14]} Rdb8 {[%clk 00:00:17]} {[%emt
00:00:06]} 43. c6 {[%clk 00:01:35]} {[%emt 00:00:14]} Rxb4 {[%clk 00:00:18]}
{[%emt 00:00:04]} 44. c7 {[%clk 00:01:12]} {[%emt 00:00:27]} Rxb1 {[%clk
00:00:07]} {[%emt 00:00:16]} 45. Rxb1 {[%clk 00:01:16]} {[%emt 00:00:01]} Rc8
{[%clk 00:00:11]} 46. Rb7 {[%clk 00:01:19]} {[%emt 00:00:03]} Bc3 {[%clk
00:00:06]} {[%emt 00:00:11]} 47. Bg4 {[%clk 00:01:22]} {[%emt 00:00:02]} Ba5
{[%clk 00:00:06]} {[%emt 00:00:05]} 48. Bxc8 {[%clk 00:01:24]} {[%emt
00:00:02]} Bxc7 {[%clk 00:00:09]} {[%emt 00:00:02]} 49. Rxc7 {[%clk 00:01:26]}
{[%emt 00:00:03]} 1-0

[Event "Torneo de Navidad Base y Senior - Casino Primitivo"]
[Site "Calle Maestra 3 (Palacio de Cultura) - Jaén, Spain"]
[Date "2023.12.16"]
[Round "2.1"]
[White "Torres Medina, Miguel"]
[Black "Alvarez Fernandez, Carlos Rene"]
[Result "*"]
[TimeControl "10´ + 5\""]
[WhiteFideId "24558915"]
[BlackFideId "3501507"]
[WhiteElo "1600"]
[BlackElo "2298"]

1. e4 {[%clk 00:08:02]} {[%emt 00:02:07]} d6 {[%clk 00:10:00]} {[%emt
00:00:10]} 2. d4 {[%clk 00:08:05]} {[%emt 00:00:03]} Nf6 {[%clk 00:10:03]}
{[%emt 00:00:02]} 3. Nc3 {[%clk 00:08:07]} {[%emt 00:00:03]} g6 {[%clk
00:10:06]} {[%emt 00:00:02]} 4. f4 {[%clk 00:08:05]} {[%emt 00:00:07]} Bg7
{[%clk 00:10:08]} {[%emt 00:00:03]} 5. Nf3 {[%clk 00:08:09]} {[%emt 00:00:01]}
O-O {[%clk 00:10:11]} {[%emt 00:00:02]} 6. Be2 {[%clk 00:08:03]} {[%emt
00:00:11]} c5 {[%clk 00:09:50]} {[%emt 00:00:25]} 7. dxc5 {[%clk 00:07:56]}
{[%emt 00:00:13]} Qa5 {[%clk 00:09:53]} {[%emt 00:00:02]} 8. O-O {[%clk
00:07:15]} {[%emt 00:00:47]} Qxc5+ {[%emt 00:00:14]} 9. Kh1 Nc6 {[%clk
00:09:26]} {[%emt 00:00:23]} 10. Qe1 {[%clk 00:06:47]} {[%emt 00:00:37]} Bd7
{[%clk 00:08:41]} {[%emt 00:00:50]} 11. Qf2 {[%clk 00:06:47]} {[%emt 00:00:04]}
Qa5 {[%clk 00:08:28]} {[%emt 00:00:18]} 12. h3 {[%clk 00:06:28]} {[%emt
00:00:25]} b5 {[%clk 00:07:39]} {[%emt 00:00:54]} 13. Bxb5 {[%clk 00:05:51]}
{[%emt 00:00:42]} Nxe4 {[%clk 00:07:39]} {[%emt 00:00:05]} 14. Nxe4 {[%clk
00:05:50]} {[%emt 00:00:06]} Qxb5 {[%clk 00:07:42]} {[%emt 00:00:02]} 15. c3
{[%clk 00:05:33]} {[%emt 00:00:22]} Rab8 {[%clk 00:07:38]} {[%emt 00:00:08]} 16.
Rb1 {[%clk 00:05:26]} {[%emt 00:00:13]} Bf5 {[%clk 00:07:27]} {[%emt 00:00:16]}
17. Nfd2 {[%clk 00:04:21]} {[%emt 00:01:10]} d5 {[%clk 00:06:49]} {[%emt
00:00:43]} 18. Ng3 {[%clk 00:03:51]} {[%emt 00:00:34]} Bxb1 {[%clk 00:06:50]}
{[%emt 00:00:04]} 19. Nxb1 {[%clk 00:03:55]} {[%emt 00:00:01]} d4 {[%clk
00:06:06]} {[%emt 00:00:49]} 20. Na3 {[%clk 00:03:48]} {[%emt 00:00:13]} Qd3
{[%clk 00:05:12]} {[%emt 00:00:58]} 21. c4 {[%clk 00:02:53]} {[%emt 00:01:01]}
e5 {[%clk 00:04:54]} {[%emt 00:00:23]} 22. fxe5 {[%clk 00:02:22]} {[%emt
00:00:36]} Bxe5 {[%clk 00:04:49]} {[%emt 00:00:10]} 23. Ne2 {[%clk 00:02:14]}
{[%emt 00:00:13]} Rbe8 {[%clk 00:04:26]} {[%emt 00:00:28]} 24. Bh6 {[%clk
00:02:13]} {[%emt 00:00:06]} Bg7 {[%clk 00:04:29]} {[%emt 00:00:02]} 25. Bxg7
{[%clk 00:02:02]} {[%emt 00:00:17]} Kxg7 {[%clk 00:04:27]} {[%emt 00:00:07]} 26.
Qf6+ {[%clk 00:01:55]} {[%emt 00:00:10]} Kg8 {[%clk 00:04:31]} 27. Nc1 {[%clk
00:01:27]} {[%emt 00:00:35]} Qe4 {[%clk 00:04:23]} {[%emt 00:00:13]} 28. Nb5
{[%clk 00:01:08]} {[%emt 00:00:25]} Re6 {[%clk 00:04:22]} {[%emt 00:00:06]} 29.
Qf2 {[%clk 00:01:01]} {[%emt 00:00:11]} Qe3 {[%clk 00:04:03]} {[%emt 00:00:24]}
30. Qc2 {[%clk 00:00:38]} {[%emt 00:00:28]} Qg3 {[%clk 00:03:27]} {[%emt
00:00:42]} 31. Ne2 {[%clk 00:00:19]} {[%emt 00:00:23]} d3 {[%clk 00:02:52]}
{[%emt 00:00:41]} 32. Nxg3 {[%clk 00:00:22]} {[%emt 00:00:02]} dxc2 {[%clk
00:02:56]} 33. Nc7 {[%clk 00:00:21]} {[%emt 00:00:06]} Re3 {[%clk 00:02:47]}
{[%emt 00:00:14]} 34. Kh2 {[%clk 00:00:21]} {[%emt 00:00:06]} Nd4 {[%clk
00:02:43]} {[%emt 00:00:09]} 35. Nd5 {[%clk 00:00:23]} {[%emt 00:00:03]} Rxg3
{[%clk 00:02:28]} {[%emt 00:00:20]} 36. Kxg3 {[%clk 00:00:26]} {[%emt
00:00:02]} c1=Q {[%clk 00:02:29]} {[%emt 00:00:04]} 37. Rxc1 {[%clk 00:00:30]}
{[%emt 00:00:02]} Ne2+ {[%clk 00:02:32]} {[%emt 00:00:01]} 38. Kf3 {[%clk
00:00:34]} {[%emt 00:00:02]} Nxc1 {[%clk 00:02:35]} {[%emt 00:00:02]} *